Estatísticas para 10 Maiores Cidades por Região Brasileira em um Mapa

Clique aqui para jogar o quiz

Estatísticas Gerais

  • Esse quiz foi jogado 7 570 vezes
  • A pontuação média é 28 de 50

Respostas no mapa

Respostas codificadas por cores de uma escala verde-vermelha no mapa do quiz de acordo com a % correta abaixo.
 

Estatísticas das Respostas

RegiãoPopulaçãoCidade% Correto
Sudeste6.747.815Rio de Janeiro
98%
Sudeste12.325.232São Paulo
96%
Sudeste2.521.564Belo Horizonte
88%
Norte2.219.580Manaus
88%
Nordeste2.886.698Salvador
88%
Sul1.488.252Porto Alegre
85%
Sul1.948.626Curitiba
84%
Centro-Oeste3.055.149Brasília
83%
Sul508.826Florianópolis
83%
Norte413.418Rio Branco
82%
Nordeste2.686.612Fortaleza
81%
Centro-Oeste1.536.097Goiânia
81%
Norte1.499.641Belém
79%
Nordeste1.653.461Recife
79%
Nordeste890.480Natal
77%
Centro-Oeste618.124Cuiabá
75%
Norte306.296Palmas
74%
Norte512.902Macapá
72%
Nordeste1.108.975São Luís
72%
Centro-Oeste906.092Campo Grande
71%
Sudeste1.213.792Campinas
70%
Norte539.354Porto Velho
70%
Nordeste817.511João Pessoa
68%
Nordeste868.075Teresina
68%
Nordeste1.025.360Maceió
66%
Nordeste664.908Aracaju
64%
Norte419.652Boa Vista
59%
Sudeste1.392.121Guarulhos
57%
Sul575.377Londrina
53%
Sudeste924.624Duque de Caxias
48%
Sul597.658Joinville
47%
Sul430.157Maringá
41%
Sul517.451Caxias do Sul
39%
Sudeste844.483São Bernardo do Campo
35%
Sul361.855Blumenau
34%
Sudeste1.091.737São Gonçalo
34%
Norte306.480Santarém
30%
Sudeste729.737São José dos Campos
28%
Sudeste823.302Nova Iguaçu
25%
Sul355.336Ponta Grossa
25%
Centro-Oeste391.772Anápolis
24%
Nordeste706.867Jaboatão dos Guararapes
22%
Centro-Oeste590.146Aparecida de Goiânia
21%
Centro-Oeste225.495Dourados
20%
Sul348.208Canoas
18%
Norte283.542Marabá
17%
Norte535.547Ananindeua
16%
Centro-Oeste236.042Rondonópolis
16%
Centro-Oeste241.518Rio Verde
13%
Centro-Oeste287.526Várzea Grande
12%

Distribuição das Pontuações

Percentil de Números Respondidos

Porcentagem de Pessoas com Cada Pontuação

Sua Pontuação Histórica

Você não jogou esse quiz